00474 2200193 4500001002100000005001500021008004100036020002200077035001900099041000700118082001000125090001600135100001900151245002300170260002800193300003200221500001100253650001600264INLIS00000000002597520241224132039241224||||||||| | ||| |||| || |  a978-979-045-531-3 0010-1224025975 aid0 a741.5 a741.5 YOV c0 aYovita Siswati00aCory Si Sayap Mini aSolobTiga Anandac2014 a20x22,5 cm, 32 hlm.; ilus.: aCet. 1 0aCerita Anak